|
|
|
|
| LEADER |
01576cas a2200241 a 4500 |
| 001 |
AALejournalIMF000708 |
| 008 |
230101c9999 xx r poo 0 0eng d |
| 020 |
|
|
|c 5.00 USD
|
| 020 |
|
|
|z 9781451820782
|
| 022 |
|
|
|a 1934-7685
|
| 040 |
|
|
|a BD-DhAAL
|c BD-DhAAL
|
| 110 |
2 |
|
|a International Monetary Fund.
|
| 245 |
1 |
0 |
|a Kazakhstan :
|b Recent Economic Developments.
|
| 264 |
|
1 |
|a Washington, D.C. :
|b International Monetary Fund,
|c 1998.
|
| 300 |
|
|
|a 1 online resource (122 pages)
|
| 490 |
1 |
|
|a IMF Staff Country Reports
|
| 500 |
|
|
|a <strong>Off-Campus Access:</strong> No User ID or Password Required
|
| 500 |
|
|
|a <strong>On-Campus Access:</strong> No User ID or Password Required
|
| 506 |
|
|
|a Electronic access restricted to authorized BRAC University faculty, staff and students
|
| 520 |
3 |
|
|a This paper reviews economic developments in the Republic of Kazakhstan during 1995-98. Following a cumulative decline of 31 percent during 1992-95, real GDP began to recover in 1996, and the resumption of growth seems to have been firmly established with growth rates of 2 percent being recorded in 1997 and in the first quarter of 1998. At the same time, inflation has fallen continuously since reaching a peak of more than 3,000 percent (annual rate) in mid-1994. By the end of 1997, the rate of price increase had fallen to about 11 percent.
|
| 538 |
|
|
|a Mode of access: Internet
|
| 830 |
|
0 |
|a IMF Staff Country Reports; Country Report ;
|v No. 1998/084
|
| 856 |
4 |
0 |
|z Full text available on IMF
|u http://elibrary.imf.org/view/journals/002/1998/084/002.1998.issue-084-en.xml
|z IMF e-Library
|